|
|
|
|
| LEADER |
00000nab a2200000 a 4500 |
| 001 |
vtls000483479 |
| 003 |
SK-MaSNL |
| 005 |
20260318133023.0 |
| 008 |
240102c1992 xo 0 eng |
| 015 |
|
|
|a SNBRA19rr/mm-uuuuu
|
| 035 |
|
|
|a CL0483614
|
| 040 |
|
|
|a SNKBUCL
|b slo
|c SNKBUCL
|e AACR2
|
| 041 |
0 |
|
|a eng
|
| 044 |
|
|
|a xo
|c SK
|
| 080 |
|
|
|a 621.785:621.822.7-477:669.15-15
|2 1981
|
| 080 |
|
|
|a 621.822.7-477
|2 1981
|
| 080 |
|
|
|a 669.15-15
|2 1981
|
| 100 |
1 |
|
|a Pascu, Romulus
|4 aut
|9 791472
|
| 245 |
1 |
0 |
|a Considerations about the opportunity of the heat treatments with electron beam for the ball bearing rings
|c Romulus Pascu, Mihaela Pascu
|
| 300 |
|
|
|b Fotogr. 7, graf 1, sch. 2, tab. 2, lit. 4 zázn. v angl., nem., ruš.
|
| 650 |
0 |
7 |
|a guľkové ložiská
|2 snkbucl
|9 50873
|
| 650 |
0 |
7 |
|a spracovanie kovov lúčom elektrónovým
|2 snkbucl
|9 1233027
|
| 655 |
|
7 |
|a články zo zborníkov
|2 snkbucl
|9 166140
|
| 700 |
1 |
|
|a Pascu, Mihaela
|4 aut
|9 791473
|
| 773 |
0 |
|
|t Štrnáste celoštátne dni tepelného spracovania
|d Bratislava : Dom techniky ZSVTS, 1992
|g S. 98-102
|z 8023302620
|
| 850 |
|
|
|a Slovenská národná knižnica v Martine
|a MTA001
|
| 852 |
|
|
|a SNK
|b KIS3GCP
|
| 958 |
|
|
|a RK
|
| 958 |
|
|
|a RO
|
| 992 |
|
|
|a RZB
|
| 999 |
|
|
|c 2176830
|d 2178760
|